00608nam a22001577a 4500999001900000020001600019082001100035100001700046245011400063260003700177300003000214942001300244650004100257700002700298952012500325 c533976d533976 qHard Cover. a660.01 aNoor, Norina aExpression Profiling of Flavonoid Biosynthetic Genes in Arachis hypogaea Under Drought Stress /cNorina Noor. aIslamabad :bASAB - NUST,c2017. aix, 47 p. : ill. ;c30cm. 2ddccTHE aPlant Biotechnology MS-Thesis928032 aDr. Rabia Amir.927764 00102ddc406660_010000000000000709495496aCLbCLcTHEd2020-01-26l0o660.01pCL-T-4821r2020-01-26w2020-01-26yTHE